Statistics for Transpennine Express stations

Click here to take the quiz!

General Stats

  • This quiz has been taken 11 times
    (10 since last reset)
  • The average score is 77 of 99

Answer Stats

Answer% Correct
Alnmouth for Alnwick
100%
Berwick-upon-Tweed
100%
Carlisle
100%
Darlington
100%
Dewsbury
100%
Doncaster
100%
Dunbar
100%
Durham
100%
Edinburgh Waverley
100%
Edinburgh Waverley
100%
Glasgow Central
100%
Haymarket
100%
Huddersfield
100%
Hull
100%
Lancaster
100%
Leeds
100%
Liverpool Lime Street
100%
Liverpool Lime Street
100%
Liverpool Lime Street
100%
Liverpool South Parkway
100%
Lockerbie
100%
Manchester Airport
100%
Manchester Airport
100%
Manchester Airport
100%
Manchester Oxford Road
100%
Manchester Oxford Road
100%
Manchester Oxford Road
100%
Manchester Piccadilly
100%
Manchester Piccadilly
100%
Manchester Piccadilly
100%
Manchester Victoria
100%
Morpeth
100%
Motherwell
100%
Newcastle
100%
Northallerton
100%
Oxenholme Lake District
100%
Penrith North Lakes
100%
Preston
100%
Scarborough
100%
Selby
100%
Sheffield
100%
York
100%
Bolton
86%
Chester-le-Street
86%
Cleethorpes
86%
Dore & Totley
86%
Grimsby Town
86%
Howden
86%
Malton
86%
Morley
86%
Newton-le-Willows
86%
Scunthorpe
86%
Stalybridge
86%
Stockport
86%
Thirsk
86%
Warrington Central
86%
Batley
71%
Brough
71%
Carstairs
71%
Cross Gates
71%
Meadowhall
71%
Middlesbrough
71%
Rotherham Central
71%
Seamer
71%
St Helens Central
71%
Yarm
71%
Cramlington
57%
East Linton
57%
Garforth
57%
Habrough
57%
Irlam
57%
Lea Green
57%
Marsden
57%
Reston
57%
Slaithwaite
57%
South Milford
57%
Thorne South
57%
Urmston
57%
Wakefield Kirkgate
57%
Wigan North Western
57%
Althorpe
43%
Barnetby
43%
Birchwood
43%
Castleford
43%
Cottingley
43%
Crowle
43%
Deighton
43%
Gilberdyke
43%
Greenfield
43%
Hatfield & Stainforth
43%
Mirfield
43%
Mossley
43%
Ravensthorpe
43%
Redcar Central
43%
Saltburn
43%
Thornaby
43%
Warrington West
43%
Gatley
29%
Normanton
29%

Score Distribution

Percentile by Number Answered

Percent of People with Each Score

Your Score History

You have not taken this quiz since the last reset